000 00476nam a2200205Ia 4500
005 20250425162051.0
008 250425s9999 xx 000 0 und d
020 _a0070528624
041 _aeng
082 _a658.15
100 _aRIGGS, JAMES L.
245 0 _aENGINEERING ECONOMICS
250 _a2ND ED.
260 _aEstados Unidos
_bMCGRAW - HILL
_c1982
260 _aS.L.
300 _a789
650 _aINGENIERIA ECONOMICA
942 _c01
010 _a45850
999 _c221679
_d221679